Reformation reloaded - Das Digi-Ref-Projekt

Titel: Reformation reloaded - Das Digi-Ref-Projekt : ein Praxisbericht
Verfasser:
In: Landesarchivtag Sachsen-Anhalt und Thüringen (2017 : Halle (Saale)): Archivquellen für eine moderne Regionalgeschichte, (2018), Seite 31-39
alle Artikel anzeigen
Veröffentlicht: Fulda : Verband deutscher Archivarinnen und Archivare e.V., 2018
Umfang: Illustrationen
Format: Aufsatz
Sprache: Deutsch
Kein Bild verfügbar
X
alg: 45852984
001A    $03036:04-02-20 
001B    $01999:04-02-20 $t22:38:14.000 
001D    $03036:04-02-20 
001U    $0utf8 
001X    $00 
002@    $0Aou 
002C    $aText $btxt $2rdacontent 
002D    $aohne Hilfsmittel zu benutzen $bn $2rdamedia 
002E    $aBand $bnc $2rdacarrier 
003@    $0458529842 
007A    $0458529842 $aHEB 
010@    $ager 
010E    $erda 
011@    $a2018 
021A    $aReformation reloaded - Das Digi-Ref-Projekt $dein Praxisbericht 
028A    $BVerfasser $4aut $71147778299 $8Rothe, Vicky [Tp3] $9423573276 
031A    $h31-39 $j2018 
033A    $pFulda $nVerband deutscher Archivarinnen und Archivare e.V. 
034M    $aIllustrationen 
039B    $aEnthalten in $8--Aau--Landesarchivtag Sachsen-Anhalt und Thüringen$d2017$cHalle (Saale) [Tf1]. Archivquellen für eine moderne Regionalgeschichte. - Fulda : VdA - Verband deutscher Archivarinnen und Archivare e.V., 2018. - 114 Seiten. - Illustrationen, Diagramme $x201800000000000969 $9433791985 

lok: 45852984 105

exp: 45852984 105 1 #EPN
201B/01 $004-02-20 $t17:44:55.000 
201C/01 $004-02-20 
201U/01 $0utf8 
203@/01 $01078956588 
208@/01 $a04-02-20 $be 
209A/01 $a/ $f106 $x00 
237A/01 $aSignatur Archivschule Marburg: AD 160.19, 2017 
245Z/01 $a2.06. $bArchivwissenschaft und Archivtheorie / Digitalisierung $x01 
247C/01 $8->Marburg, Bibliographie zum Archivwesen der Archivschule Marburg $939588196X
LEADER 00000caa a2200000 c 4500
001 458529842
003 DE-603
005 20200204223814.0
007 tu
008 200204s2018 xx |||| | u00||u|ger c
035 |a (DE-599)HEB458529842 
040 |a DE-603  |b ger  |c DE-603  |d DE-603  |e rda 
041 |a ger 
100 1 |a Rothe, Vicky  |e Verfasser  |4 aut  |0 (DE-603)423573276  |0 (DE-588)1147778299  |2 gnd 
245 0 0 |a Reformation reloaded - Das Digi-Ref-Projekt  |b ein Praxisbericht 
264 1 |a Fulda  |b Verband deutscher Archivarinnen und Archivare e.V.  |c 2018 
300 |b Illustrationen 
336 |a Text  |b txt  |2 rdacontent 
337 |a ohne Hilfsmittel zu benutzen  |b n  |2 rdamedia 
338 |a Band  |b nc  |2 rdacarrier 
773 0 8 |i Enthalten in  |a Landesarchivtag Sachsen-Anhalt und Thüringen (2017 : Halle (Saale))  |t Archivquellen für eine moderne Regionalgeschichte  |d Fulda : VdA - Verband deutscher Archivarinnen und Archivare e.V., 2018  |h 114 Seiten, Illustrationen, Diagramme  |g (2018), Seite 31-39  |w (DE-603)433791985 
924 0 |9 -  |a (DE-603)1078956588  |b DE-  |c HES  |d d  |g /